000
00269nam a2200121Ia 4500
008
190216s9999||||xx |||||||||||||| ||und||
100
_a
Cherian Cv
245
0
_a
Social Studies
260
_b
Vidyarthimithram
_c
1975
300
_a
196p
650
_a
Economics
942
_c
BK
999
_c
9679
_d
9679